000 00797nam a2200217Ia 4500
005 20241129105923.0
008 241129s9999||||xx |||||||||||||| ||und||
020 _a978-81-7975-489-4
037 _aTB
040 _aARTS
_bhin
_cARTS
041 _ahin
_2hin
084 _aX.10a4 152P8;R2
_qARTS
100 _aचतुर्वेदी, जगदीश्वर, ले.
245 0 _aभूमंडलीकरण और ग्लोबल मीडिया
_cचतुर्वेदी, जगदीश्वर, ले.
260 _aनई दिल्ली, भारत
_bअनामिका पब्लिशर्स
_c2023
300 _a383पृ0
365 _aINR
_b995
650 _aEconomics
942 _cTB
_hX.10a4 152P8;R2
999 _c1226590
_d1226590